| 000 | 00719nam a22002057a 4500 | ||
|---|---|---|---|
| 003 | JO-AjAnu | ||
| 005 | 20251021095808.0 | ||
| 008 | 251018b jo ||||| |||| 00| 0 ara d | ||
| 020 | _a978-9957-94-659-3 | ||
| 022 | _a3921/7/2021 | ||
| 040 |
_aANU _cJO-AjAnu |
||
| 041 | _hARA | ||
| 100 |
_aالنوايسة، حكمت _eمؤلف _966880 |
||
| 245 |
_aالسجون : سيرة ذاتية بين المرض والمخيلة _c / حكمت النوايسة |
||
| 260 |
_aعمان : _bوزارة الثقافة، _c2021 |
||
| 300 | _a252 صفحة | ||
| 490 | _3 سلسلة سرد وشعر | ||
| 650 | _vالمذكرات الشخصية-السيرة الذاتية-المنوعات الأدبية | ||
| 942 |
_2lcc _cBK _n0 |
||
| 999 |
_c34126 _d34126 |
||